000 00844cam a22002772 4500
001 1727
003 BD-RjUL
005 20211208233410.0
008 131208s1954 nyua b 001 0 eng
020 _a080890325X
035 _a(BD-RjUL)1754
040 _aDLC
_cDLC
_dMQM
_dOCL
_dEQO
_dEQO
_dBD-RjUL
_beng
041 _aeng
082 _a150.9
_bMIH 1954
100 1 _aEsau, Henryk,
_d1911-1992.
_95719
245 1 0 _aHistory of psychology :
_ban overview /
_cby Henryk Misiak and Virginia Staudt Sexton.
260 _aNew York :
_bGrune & Stratton,
_cc1954
300 _ax, 523 p. :
_billus. ,
_c26 cm.
504 _aIncludes bibliographies.
504 _aIncludes index.
650 0 _aPsychology
_xHistory.
_95500
650 2 _aPsychology
_xhistory
_95500
700 1 _aSexton, Virginia Staudt.
_95720
942 _2ddc
_cBK
_01
999 _c1727
_d1727